[Event "Kaupthing op-B 1st"]
[Site "Differdange"]
[Date "2007.07.13"]
[Round "8"]
[White "Meyer, Mylene"]
[Black "Wagener, Christophe"]
[Result "1-0"]
[WhiteElo "1720"]
[BlackElo "1930"]
[PlyCount "95"]
[EventDate "2007.07.08"]
[EventType "swiss"]
[EventRounds "9"]
[EventCountry "LUX"]
[SourceTitle "EXT 2008"]
[Source "ChessBase"]
[SourceDate "2007.11.25"]
[SourceVersion "1"]
[SourceVersionDate "2007.11.25"]
[SourceQuality "1"]

1. d4 Nf6 2. Nf3 d6 3. Bf4 g6 4. e3 Bg7 5. Bd3 0-0 6. 0-0 c5 7. c3 Nc6 8. h3 a6 9. a4 Bd7 10. Na3 Qc8 11. dxc5 dxc5 12. Qe2 Nd5 13. Bg3 e5 14. Nc4 Qc7 15. Be4 Nde7 16. Rfd1 f5 17. Bc2 Be6 18. Ng5 Bd5 19. e4 fxe4 20. Bxe4 Rfd8 21. Bxd5+ Rxd5 22. Rxd5 Nxd5 23. Rd1 Qe7 24. Rxd5 Qxg5 25. Rxc5 Qe7 26. Rd5 Re8 27. Qd2 Qe6 28. Nb6 Ne7 29. Rd8 Nf5 30. Rxe8+ Qxe8 31. Bh2 Qe7 32. Qd7 Kf7 33. Kf1 Qxd7 34. Nxd7 e4 35. Nc5 b5 36. Nxa6 bxa4 37. Nc5 a3 38. bxa3 Bxc3 39. Nxe4 Bb2 40. Nd6+ Ke6 41. Nxf5 gxf5 42. a4 Bc3 43. Ke2 Kd5 44. Bf4 Kc4 45. Bd2 Be5 46. a5 Kb5 47. g4 fxg4 48. hxg4 1-0

[Event "Kaupthing op-B 1st"]
[Site "Differdange"]
[Date "2007.07.10"]
[Round "5"]
[White "Scheerer, Daniel"]
[Black "Wagener, Christophe"]
[Result "0-1"]
[WhiteElo "1762"]
[BlackElo "1930"]
[PlyCount "90"]
[EventDate "2007.07.08"]
[EventType "swiss"]
[EventRounds "9"]
[EventCountry "LUX"]
[SourceTitle "EXT 2008"]
[Source "ChessBase"]
[SourceDate "2007.11.25"]
[SourceVersion "1"]
[SourceVersionDate "2007.11.25"]
[SourceQuality "1"]

1. e4 e5 2. Nf3 Nc6 3. d4 exd4 4. Nxd4 Bc5 5. Be3 Qf6 6. Nb5 Bxe3 7. fxe3 Qh4+ 8. g3 Qd8 9. Qg4 g6 10. Qf4 d6 11. Bc4 Ne5 12. 0-0 Bh3 13. Bxf7+ Kd7 14. Rd1 Qe7 15. Bxg8 Rhxg8 16. Nd2 g5 17. Qf2 Raf8 18. Qe2 Bg4 19. Qg2 Bxd1 20. Rxd1 a6 21. Nd4 g4 22. Nf5 Qg5 23. Nb3 Nf3+ 24. Kf2 Kc8 25. Ke2 Qf6 26. Nbd4 Nxd4+ 27. exd4 Qe6 28. Rf1 Re8 29. Kd3 Kb8 30. c4 Ref8 31. Ng7 Qd7 32. Nf5 Qa4 33. b3 Qb4 34. Qe2 a5 35. Qc2 Rf7 36. Rf4 h5 37. Rf1 Rgf8 38. Qb2 d5 39. Qc2 dxe4+ 40. Kxe4 Qb6 41. d5 Qg6 42. Ke5 Qf6+ 43. Ke4 Re8+ 44. Kd3 Qe5 45. Rf4 Ref8 0-1

[Event "LUX-ch AB"]
[Site "Differdingen"]
[Date "2007.04.13"]
[Round "7.13"]
[White "Salentiny, Eric"]
[Black "Wagener, Christophe"]
[Result "0-1"]
[WhiteElo "1675"]
[BlackElo "1731"]
[PlyCount "34"]
[EventDate "2007.04.07"]
[EventType "swiss"]
[EventRounds "9"]
[EventCountry "LUX"]
[SourceTitle "EXT 2008"]
[Source "ChessBase"]
[SourceDate "2007.11.25"]
[SourceVersion "1"]
[SourceVersionDate "2007.11.25"]
[SourceQuality "1"]

1. e4 e5 2. f4 d5 3. exd5 c6 4. dxc6 Nxc6 5. fxe5 Qh4+ 6. Ke2 Qe4+ 7. Kf2 Bc5+ 8. d4 Bxd4+ 9. Kg3 Bxe5+ 10. Kf2 Bd4+ 11. Kg3 Be5+ 12. Kf2 Bg4 13. Qd3 Bd4+ 14. Kg3 Qe1+ 15. Kf4 Qxc1+ 16. Kg3 0-0-0 17. Qe4 Nf6 0-1

[Event "LUX-ch AB"]
[Site "Differdingen"]
[Date "2007.04.08"]
[Round "2.14"]
[White "Wagener, Christophe"]
[Black "Bishop, Peter"]
[Result "1-0"]
[WhiteElo "1731"]
[BlackElo "1813"]
[PlyCount "49"]
[EventDate "2007.04.07"]
[EventType "swiss"]
[EventRounds "9"]
[EventCountry "LUX"]
[SourceTitle "EXT 2008"]
[Source "ChessBase"]
[SourceDate "2007.11.25"]
[SourceVersion "1"]
[SourceVersionDate "2007.11.25"]
[SourceQuality "1"]

1. d4 d5 2. c4 e5 3. dxe5 d4 4. Nf3 Nc6 5. a3 f6 6. exf6 Nxf6 7. e3 Bg4 8. Be2 Be7 9. Nxd4 Nxd4 10. Bxg4 Nxg4 11. Qxd4 Qc8 12. 0-0 0-0 13. h3 Nf6 14. c5 c6 15. Nc3 Qe6 16. Ne2 Rfd8 17. Qc3 Ne4 18. Nd4 Rxd4 19. Qxd4 Rd8 20. Qa4 Bxc5 21. Qc2 Bb6 22. b3 Kf8 23. Rd1 Rxd1+ 24. Qxd1 Qf6 25. Qf3 1-0

[Event "Luxembourg-chT 9900 qual"]
[Site "Luxembourg"]
[Date "2000.01.09"]
[Round "4"]
[White "Recht, Romain"]
[Black "Wagener, Christophe"]
[Result "1/2-1/2"]
[WhiteElo "1962"]
[BlackElo "1952"]
[PlyCount "69"]
[EventDate "1999.11.07"]
[EventType "team"]
[EventRounds "10"]
[EventCountry "LUX"]
[SourceTitle "EXT 2005"]
[Source "ChessBase"]
[SourceDate "2004.11.15"]
[SourceVersion "1"]
[SourceVersionDate "2004.11.15"]
[SourceQuality "1"]

1. d4 Nf6 2. c4 c5 3. d5 b5 4. b3 d6 5. Qc2 g6 6. Bb2 Bg7 7. e4 bxc4 8. bxc4 0-0 9. Bd3 Na6 10. a3 Bd7 11. Nd2 Rb8 12. Rb1 Qc7 13. Ngf3 Rb7 14. 0-0 Rfb8 15. Bc3 Nh5 16. Bxg7 Nxg7 17. Qc3 Ba4 18. Rxb7 Rxb7 19. Rb1 Rxb1+ 20. Bxb1 Qb6 21. Bc2 Bxc2 22. Qxc2 Nh5 23. e5 Qa5 24. g4 Ng7 25. exd6 exd6 26. Qd3 Qa4 27. Ne4 Ne8 28. g5 Qd7 29. Qe3 Nac7 30. Ng3 Na8 31. Nd2 Nb6 32. Nge4 Qg4+ 33. Ng3 Kf8 34. f4 Qd1+ 35. Ngf1 1/2-1/2

[Event "Luxembourg-chT 9900"]
[Site "Luxembourg"]
[Date "1999.11.07"]
[Round "2"]
[White "Wagener, Christophe"]
[Black "Batagel, Laurent"]
[Result "1/2-1/2"]
[WhiteElo "1952"]
[BlackElo "1850"]
[PlyCount "89"]
[EventDate "1999.10.24"]
[EventType "team"]
[EventRounds "10"]
[EventCountry "LUX"]
[SourceTitle "EXT 2005"]
[Source "ChessBase"]
[SourceDate "2004.11.15"]
[SourceVersion "1"]
[SourceVersionDate "2004.11.15"]
[SourceQuality "1"]

1. d4 d5 2. c4 c6 3. Nc3 e6 4. Nf3 Nf6 5. Bg5 Be7 6. Qc2 Nbd7 7. e3 0-0 8. cxd5 exd5 9. Bd3 h6 10. Bh4 Re8 11. 0-0 Bd6 12. Rab1 a5 13. a3 g5 14. Nxg5 hxg5 15. Bxg5 Bxh2+ 16. Kh1 Kg7 17. g3 Rh8 18. Kg2 Nf8 19. Bf5 Rh5 20. f4 N8h7 21. Bxh7 Bh3+ 22. Kf3 Bxf1 23. Rxf1 Rxh7 24. Rh1 Qd6 25. Bh4 Qe6 26. Rxh2 Rah8 27. Qd3 Qg4+ 28. Kg2 Qg6 29. Bxf6+ Kxf6 30. Qxg6+ Kxg6 31. Rxh7 Rxh7 32. Na4 f5 33. Nc5 Kh5 34. Nd3 Rc7 35. Kf3 b6 36. b4 axb4 37. axb4 Ra7 38. Ne5 Rc7 39. Nd3 Rc8 40. Ne5 c5 41. bxc5 bxc5 42. dxc5 Rxc5 43. Nf7 Rc3 44. Nd6 Kg6 45. Nb5 1/2-1/2

[Event "Luxembourg-chT 9798"]
[Site "Luxembourg"]
[Date "1998.03.08"]
[Round "9"]
[White "Wagener, Christophe"]
[Black "Spartz, Gaston"]
[Result "1/2-1/2"]
[WhiteElo "1935"]
[BlackElo "1935"]
[PlyCount "30"]
[EventDate "1997.10.??"]
[EventType "team"]
[EventRounds "10"]
[EventCountry "LUX"]
[SourceTitle "EXT 2005"]
[Source "ChessBase"]
[SourceDate "2004.11.15"]
[SourceVersion "1"]
[SourceVersionDate "2004.11.15"]
[SourceQuality "1"]

1. d4 g6 2. c4 Bg7 3. Nc3 d6 4. e4 e5 5. Be3 Nc6 6. d5 Nce7 7. Nf3 Nf6 8. Be2 Nh5 9. Qd2 f5 10. Bh6 f4 11. Bxg7 Nxg7 12. b4 b6 13. Rc1 a5 14. Rb1 Bd7 15. b5 0-0 1/2-1/2

[Event "Luxembourg op"]
[Site "Luxembourg"]
[Date "1996.??.??"]
[Round "7"]
[White "Wagener, Christophe"]
[Black "D'Amico, G."]
[Result "1/2-1/2"]
[WhiteElo "1815"]
[BlackElo "1775"]
[PlyCount "24"]
[EventDate "1996.??.??"]
[EventType "swiss"]
[EventRounds "9"]
[EventCountry "LUX"]
[SourceTitle "EXT 2005"]
[Source "ChessBase"]
[SourceDate "2004.11.15"]
[SourceVersion "1"]
[SourceVersionDate "2004.11.15"]
[SourceQuality "1"]

1. Nf3 Nf6 2. g3 d5 3. Bg2 h6 4. 0-0 Bf5 5. Nh4 Bh7 6. c4 c6 7. cxd5 cxd5 8. Qa4+ Qd7 9. Qxd7+ Nbxd7 10. Nc3 e6 11. Nb5 0-0-0 12. Nxa7+ Kb8 1/2-1/2